| 000 | 00543nam a22001577a 4500 | ||
|---|---|---|---|
| 003 | NUST | ||
| 082 | _a610 | ||
| 100 |
_aSadiq , Suhaib _9122112 |
||
| 245 |
_aDiscovery of Potent LasR Inhibitor Using Pharmacophore Informatics Strategy / _cSuhaib Sadiq |
||
| 264 |
_aIslamabad: _bSMME- NUST. _c2020. |
||
| 300 |
_a103p. ; _bSoft Copy , _c30cm. |
||
| 650 |
_aMS Biomedical Engineering (BME) _9119509 |
||
| 700 | _aSupervisor : Dr. Nosheen Fatima Rana | ||
| 856 | _uhttp://10.250.8.41:8080/xmlui/handle/123456789/8472 | ||
| 942 |
_2ddc _cTHE |
||
| 999 |
_c608666 _d608666 |
||